It looks like you're offline.
Open Library logo
additional options menu

MARC Record from Library of Congress

Record ID marc_loc_2016/BooksAll.2016.part28.utf8:200585645:785
Source Library of Congress
Download Link /show-records/marc_loc_2016/BooksAll.2016.part28.utf8:200585645:785?format=raw

LEADER: 00785cam a2200241 a 4500
001 2001022236
003 DLC
005 20100824091310.0
008 010212s2002 caua b 001 0 eng
010 $a 2001022236
020 $a053459400X (alk. paper)
020 $a0534593100 (pbk. : alk. paper)
040 $aDLC$cDLC$dDLC
050 00 $aBF121$b.W38 2002
082 00 $a150$221
100 1 $aWeiten, Wayne,$d1950-
245 10 $aPsychology :$bthemes and variations : briefer version /$cWayne Weiten.
250 $a5th ed.
260 $aBelmont, CA :$bWadsworth/Thomson Learning,$cc2002.
300 $axliv, 523, [98] p. :$bill. (some col.) ;$c28 cm.
504 $aIncludes bibliographical references and index.
650 0 $aPsychology.
700 1 $aWeiten, Wayne,$d1950-$tPsychology (5th ed.)